Algebra / (Record no. 23901)

MARC details
000 -LEADER
fixed length control field 00627nam a2200253Ia 4500
003 - CONTROL NUMBER IDENTIFIER
control field OSt
005 - DATE AND TIME OF LATEST TRANSACTION
control field 20231101094834.0
008 - FIXED-LENGTH DATA ELEMENTS--GENERAL INFORMATION
fixed length control field 210327s9999||||xx |||||||||||||| ||und||
040 ## - CATALOGING SOURCE
Transcribing agency STCPL
041 ## - LANGUAGE CODE
Language code of text/sound track or separate title English
082 ## - DEWEY DECIMAL CLASSIFICATION NUMBER
Classification number 512
Item number BRA-A
100 ## - MAIN ENTRY--PERSONAL NAME
Personal name Nand, Brahma
100 ## - MAIN ENTRY--PERSONAL NAME
Personal name Tyagi, B. S.
100 ## - MAIN ENTRY--PERSONAL NAME
Personal name Sharma, Bhu Dev
245 #0 - TITLE STATEMENT
Title Algebra /
Statement of responsibility, etc. by Brahma Nand, B. S. Tyagi and Bhu Dev Sharma
250 ## - EDITION STATEMENT
Edition statement 6th ed.
260 ## - PUBLICATION, DISTRIBUTION, ETC.
Place of publication, distribution, etc. Meerut :
Name of publisher, distributor, etc. Kedar Nath Ram nath Publishers,
Date of publication, distribution, etc. 1976.
300 ## - PHYSICAL DESCRIPTION
Extent 304 p.
Other physical details Hard Back
650 ## - SUBJECT ADDED ENTRY--TOPICAL TERM
Topical term or geographic name entry element Algebra
650 ## - SUBJECT ADDED ENTRY--TOPICAL TERM
Topical term or geographic name entry element Mathematics
650 ## - SUBJECT ADDED ENTRY--TOPICAL TERM
Topical term or geographic name entry element Vector algebra
942 ## - ADDED ENTRY ELEMENTS (KOHA)
Koha item type Books
942 ## - ADDED ENTRY ELEMENTS (KOHA)
Source of classification or shelving scheme Dewey Decimal Classification
Holdings
Withdrawn status Lost status Source of classification or shelving scheme Damaged status Collection code Not for loan Home library Current library Shelving location Date acquired Cost, normal purchase price Total Checkouts Full call number Barcode Date last seen Price effective from Koha item type
    Dewey Decimal Classification   Mathematics   ST. THOMAS COLLEGE LIBRARY, PALAI ST. THOMAS COLLEGE LIBRARY, PALAI Mathematics 2021-07-10 4.80   512 BRA-A 35090 2021-07-10 2021-07-10 Books
    Dewey Decimal Classification   Mathematics   ST. THOMAS COLLEGE LIBRARY, PALAI ST. THOMAS COLLEGE LIBRARY, PALAI Mathematics 2021-07-10 4.80   512 BRA-A 35091 2021-07-10 2021-07-10 Books
    Dewey Decimal Classification   Mathematics   ST. THOMAS COLLEGE LIBRARY, PALAI ST. THOMAS COLLEGE LIBRARY, PALAI Mathematics 2021-07-10 4.80   512 BRA-A 35093 2021-07-10 2021-07-10 Books
Rights reserved ©2021 ST. THOMAS COLLEGE LIBRARY
A joint venture of - St. Thomas College Library and
Department of Computer Science, St. Thomas Collge Palai